00278pab a2200121 454500008004000000100001700040245002900057260000900086300000800095362001000103650003100113773001200144180718b1995 xxu||||| |||| 00| 0 eng d aHardwari Lal aExpulsion of legislators c1995 ap.5 a6 Jan aLegislative bodies - India aTribune